000 00607nam a2200229Ia 4500
003 OSt
005 20221007062654.0
006 a|||||r|||| 00| 0
007 ta
008 221006b |||||||| |||| 00| 0 eng d
024 _a19,126
037 _cTextual
040 _aFLL
_cFLL
_beng
041 _2eng
_aeng
082 _aZ:91v1:N5, J31
100 _aFriedmann
_9507472
245 0 _aLegal theory
260 _aAustralia
_bThe Law Book Co. of Australia Pvt Ltd. Australia
_c1953
300 _a520p
_ccm.
942 _hZ:91v1:N5, J31
_cTEXL
_2CC
999 _c1129270
_d1129270